Life with father
Salvato in:
| Autori principali: | , |
|---|---|
| Natura: | Libro |
| Lingua: | inglese |
| Pubblicazione: |
Nueva York
Dramatists Play Service
1948
|
| Soggetti: | |
| Tags: |
Aggiungi Tag
Nessun Tag, puoi essere il primo ad aggiungerne!!
|
MARC
| LEADER | 00000nam a2200000 a 4500 | ||
|---|---|---|---|
| 001 | UCQ3191 | ||
| 003 | CL-VaPUC | ||
| 008 | 980817e19480000US |||||||||||||||||eng|d | ||
| 082 | 0 | 4 | |a 812 |b LIN |2 21 |
| 100 | |a Lindsay, Howard |e autor |9 417227 | ||
| 700 | 0 | |a Crouse, Russel |e author |9 417228 | |
| 245 | 1 | 0 | |a Life with father |
| 300 | |a 109 p | ||
| 942 | |c BK | ||
| 945 | |d 19980817 00:00:00 |a crobeson | ||
| 260 | |a Nueva York |b Dramatists Play Service |c 1948 | ||
| 650 | 7 | |a TEATRO ESTADOUNIDENSE |2 CL-VaPUC |9 265812 | |
| 650 | 0 | |a Literatura estadounidense |9 317168 | |
| 583 | |a last modification |c 19980817 00:00:00 |k Rodrigo Vera | ||
| 999 | |c 273790 |d 273788 | ||
| 952 | |0 0 |1 0 |4 0 |6 812_000000000000000_LIN_1948 |7 0 |8 A |9 309650 |a BIBEDU |b BIBEDU |d 2019-11-20 |i 1452347 |o 812 LIN 1948 |p 1452347 |r 2019-11-20 |w 2019-11-20 |y BK |k LIT | ||